Logo BPK

Biblioteka

Politechniki Koszalińskiej

Anglo -russkij slovar' po uogolnoj pomyslenosti / (Rekord nr 16291)

Szczegóły MARC
000 -ETYKIETA REKORDU
podpole kontrolne o stałej długości 00331nam a2200133 i 4500
001 - NUMER KONTROLNY REKORDU
pole kontrolne bg
040 ## - ŹRÓDŁO KATALOGOWANIA
Instytucja, która utworzyła rekord BPK
041 ## - KOD JĘZYKA
Kod języka tekstu pol
008 - POLE O STAŁEJ DŁUGOŚCI - DANE KONTROLNE
podpole kontrolne o stałej długości s pl f |000 0 pol
100 1# - NAZWA OSOBOWA
Nazwa osobowa KOSMINSKIJ, B. M.
245 #0 - TYTUŁ/ODPOWIEDZIALNOŚĆ
Tytuł Anglo -russkij slovar' po uogolnoj pomyslenosti /
Pozostałe elementy strefy tytułu i oznaczenia odpowiedzialności B.M. Kosminskij.
260 ## - STREFA ADRESU WYDAWNICZEGO
Miejsce wydania Moskva,
Data publikacji, dystrybucji/powstania dokumentu 1950.
942 ## - DODATKOWE ELEMENTY (KOHA)
Typ dokumentu Książka
Egzemplarze
Wycofany Status egzemplarza Uszkodzony Dostępność Lokalizacja stała Lokalizacja bieżąca Miejsce przechowywania Sygnatura Kod kreskowy Typ dokumentu
      Dostępny Biblioteka Politechniki Koszalińskiej Biblioteka Politechniki Koszalińskiej Wypożyczalnia BG 19942 01708691 Książka
© 2023 Biblioteka Politechniki Koszalińskiej :: KOHA